000 00395nam a22001697a 4500
005 20160628142511.0
008 160628b xxu||||| |||| 00| 0 eng d
020 _a81-297-0712-8
041 _aeng
082 _b10586
100 _aPrahold, C.k.
_93064
245 _aThe Fortune at the bottom of the pyramid
260 _bPearson
300 _a388
650 _aManagement
_9241
942 _cBK
999 _c4446
_d4445